书目信息 |
| 题名: |
电视机、收录机、录像机、收音机集成电路使用手册
|
|
| 作者: | 董成国 编译 | |
| 分册: | 二 | |
| 出版信息: | 成都 四川科学技术出版社 1985.04 |
|
| 页数: | 384页 | |
| 开本: | 26cm | |
| 丛书名: | ||
| 单 册: | ||
| 中图分类: | TN431.1 | |
| 科图分类: | ||
| 主题词: | 半导体集成电路 | |
| 电子资源: | ||
| ISBN: | 7-5364-0827-7 | |
| 000 | 00660nam0 2200193 45 | |
| 001 | 0409131035 | |
| 005 | 20061123145058.84 | |
| 010 | @a7-5364-0827-7@dCNY7.00 | |
| 100 | @a20040913d1985 km y0chiy0120 ea | |
| 101 | 0 | @achi |
| 105 | @a z 000yy | |
| 200 | 1 | @a电视机、收录机、录像机、收音机集成电路使用手册@h二@ADian Shi Ji、Shou Lu Ji、Lu Xiang Ji、Shou Yin Ji Ji Cheng Dian Lu Shi Yong Shou Ce@f董成国等编译@FDong Cheng Guo Deng Bian Yi |
| 210 | @a成都@c四川科学技术出版社@d1985.04 | |
| 215 | @a384页@d26cm | |
| 606 | 0 | @a半导体集成电路 |
| 690 | @aTN431.1@v3 | |
| 701 | 0 | @a董成国@4编译 |
| 801 | @aCN@bPftUser@c20061123 | |
| 905 | @f1@b231926@dTN431.1@e64:2 | |
| 电视机、收录机、录像机、收音机集成电路使用手册.二/董成国等编译.-成都:四川科学技术出版社,1985.04 |
| 384页;26cm |
| ISBN 7-5364-0827-7:CNY7.00 |
| ● |
| 相关链接 |
|
|
|
|
正题名:电视机、收录机、录像机、收音机集成电路使用手册
索取号:TN431.1/64:2
 
预约/预借
| 序号 | 登录号 | 条形码 | 馆藏地/架位号 | 状态 | 备注 |
| 1 | 0231926 | 001930539 | 第三借阅区/ [索取号:TN431.1/64:2] | 在馆 | |
| 2 | 0231927 | 001353868 | 第二样本阅览室/ [索取号:TN431.1/64:2] | 在馆 |